[Event "Nezhmetdinov Memorial 31st"]
[Site "Kazan"]
[Date "2009.06.04"]
[Round "5"]
[White "Gorozhankina, Julia"]
[Black "Zainutdinov, I."]
[Result "1-0"]
[WhiteElo "2080"]
[BlackElo "1922"]
[PlyCount "71"]
[EventDate "2009.05.31"]
[EventType "swiss"]
[EventRounds "9"]
[EventCountry "RUS"]
[SourceTitle "CBM 130 Extra"]
[Source "ChessBase"]
[SourceDate "2009.07.02"]
[SourceVersion "2"]
[SourceVersionDate "2009.07.15"]
[SourceQuality "1"]

1. e4 d6 2. d4 Nf6 3. Nc3 e5 4. Nf3 Nbd7 5. Bc4 Be7 6. 0-0 0-0 7. Re1 c6 8. a4 b6 9. b3 a6 10. Bd3 Bb7 11. Ne2 b5 12. Ng3 Re8 13. Bb2 exd4 14. Nxd4 Nc5 15. Bf1 Bf8 16. f3 g6 17. Qd2 Bg7 18. Ra2 Qc7 19. Nde2 Ncd7 20. Nc3 Rad8 21. Kh1 Ne5 22. Qf2 d5 23. exd5 Nxd5 24. Nxd5 Rxd5 25. f4 Re7 26. fxe5 Bxe5 27. Bxe5 Rdxe5 28. Rxe5 Qxe5 29. c4 Qc3 30. Qd2 Qxb3 31. Qd8+ Kg7 32. Qxe7 Qxa2 33. Qxb7 bxa4 34. Bd3 a3 35. Qb1 Qxb1+ 36. Bxb1 1-0

[Event "Tatarstan-ch op"]
[Site "Kazan"]
[Date "2008.08.29"]
[Round "9"]
[White "Gorozhankina, Julia"]
[Black "Zainutdinov, I."]
[Result "1-0"]
[WhiteElo "2094"]
[BlackElo "2089"]
[PlyCount "53"]
[EventDate "2008.08.21"]
[EventType "swiss"]
[EventRounds "9"]
[EventCountry "RUS"]
[SourceTitle "EXT 2010"]
[Source "ChessBase"]
[SourceDate "2010.11.25"]
[SourceVersion "1"]
[SourceVersionDate "2010.11.25"]
[SourceQuality "1"]

1. e4 c5 2. Nf3 d6 3. Bb5+ Bd7 4. Bxd7+ Nxd7 5. 0-0 Ngf6 6. Qe2 e6 7. c4 Be7 8. Nc3 0-0 9. b3 a6 10. Bb2 Nb6 11. d4 cxd4 12. Nxd4 d5 13. exd5 exd5 14. Rad1 Re8 15. Qf3 dxc4 16. Qxb7 Qb8 17. Qf3 cxb3 18. axb3 Bd6 19. h3 Qc7 20. Rc1 Be5 21. Na4 Qd6 22. Nf5 Qd5 23. Bxe5 Rxe5 24. Nxb6 Qxf3 25. gxf3 Rxf5 26. Nxa8 Rxf3 27. Rc8+ 1-0

[Event "Kazan Region-ch 6th"]
[Site "Kazan"]
[Date "2008.01.28"]
[Round "6"]
[White "Mullin, Zufar"]
[Black "Zainutdinov, I."]
[Result "1-0"]
[WhiteElo "2050"]
[BlackElo "2089"]
[PlyCount "95"]
[EventDate "2008.01.23"]
[EventType "swiss"]
[EventRounds "9"]
[EventCountry "RUS"]
[SourceTitle "CBM 122 Extra"]
[Source "ChessBase"]
[SourceDate "2008.03.04"]
[SourceVersion "1"]
[SourceVersionDate "2008.03.04"]
[SourceQuality "1"]

1. e4 d6 2. d4 Nf6 3. Nc3 e5 4. Nf3 Nbd7 5. Bc4 Be7 6. Ng5 0-0 7. Bxf7+ Rxf7 8. Ne6 Qe8 9. Nxc7 Qd8 10. Nxa8 b5 11. dxe5 Nxe5 12. Nd5 Ne8 13. Be3 Bb7 14. Nab6 axb6 15. Bxb6 Qb8 16. Bd4 Bxd5 17. exd5 Nf6 18. 0-0 Nc4 19. b3 Nb6 20. Bxb6 Qxb6 21. a4 Ne4 22. Qe1 Bf6 23. a5 Qc5 24. b4 Qxd5 25. Rd1 Qc4 26. f3 Bd4+ 27. Kh1 Qxf1+ 28. Qxf1 Nf2+ 29. Qxf2 Bxf2 30. Rxd6 Rc7 31. g3 Rb7 32. Kg2 Be1 33. Rd4 Rc7 34. Kf1 Bc3 35. Re4 Kf7 36. Ke2 Rc4 37. a6 Rxe4+ 38. fxe4 Bd4 39. Kd3 Bg1 40. c4 bxc4+ 41. Kxc4 Ke6 42. Kb5 Kd7 43. e5 Ke6 44. Kc6 Kxe5 45. b5 Ke4 46. b6 Kf3 47. a7 Kg2 48. a8Q 1-0